000 01565nam a2200217Ia 4500
003 Ost
005 20260416102400.0
008 260416s9999||||xx |||||||||||||| ||und||
040 _cfsecg
041 _aara
082 _a658.8
100 _aجليد، ياسين
_eمؤلف
245 0 _aمحاضرات في التسويق الاستراتيجي :
_bمطبوعة موجهة لطلبة السنة الثانية ماستر في علوم التسيير:تخصص إدارة أعمال /
_c ياسين جليد
260 _aالجزائر
_bجامعة الجزائر3: كلية العلوم الإقتصادية، العلوم التجارية وعلوم التسيير
_c2022
300 _a113 ورقة
_bايضاحات
_c12 سم
504 _aالمراجع ص111
520 _aمدخل للإستراتيجية و ارتباطها بالتسويق ،مفهوم وأسس التسويق الاستراتيجي،تحديد الأهداف و دورها في إعداد الإستراتيجية التسويقية،التحليل الاستراتيجي للبيئة الداخلية و الخارجية للمؤسسة،أدوات و نماذج التحليل الاستراتيجي،استراتيجيات التجزئة السوقية، الاستهداف و التموقع،الخيارات الإستراتيجية التسويقية للمؤسسة.
653 _aالتسويق
710 _aجامعة الجزائر3: كلية العلوم الإقتصادية، العلوم التجارية وعلوم التسيير
_eناشر علمي
942 _cHANDOUT
999 _c41403
_d41403